Logic : (Record no. 6901)

MARC details
000 -LEADER
fixed length control field 00953cam a2200301 a 4500
001 - CONTROL NUMBER
control field 3787390
003 - CONTROL NUMBER IDENTIFIER
control field OSt
005 - DATE AND TIME OF LATEST TRANSACTION
control field 20210924154424.0
008 - FIXED-LENGTH DATA ELEMENTS--GENERAL INFORMATION
fixed length control field 840810s1985 nyua b 001 0 eng
010 ## - LIBRARY OF CONGRESS CONTROL NUMBER
LC control number 84019430
020 ## - INTERNATIONAL STANDARD BOOK NUMBER
International Standard Book Number 0070551316 (pbk.) :
Terms of availability $19.95
040 ## - CATALOGING SOURCE
Original cataloging agency DLC
Transcribing agency HU
Modifying agency DLC
050 00 - LIBRARY OF CONGRESS CALL NUMBER
Classification number BC138
Item number .S32 1985
082 00 - DEWEY DECIMAL CLASSIFICATION NUMBER
Classification number 160/.28/54
Edition number 19
100 1# - MAIN ENTRY--PERSONAL NAME
Personal name Schagrin, Morton L.
9 (RLIN) 7294
245 10 - TITLE STATEMENT
Title Logic :
Remainder of title a computer approach /
Statement of responsibility, etc. Morton L. Schagrin, William J. Rapaport, Randall R. Dipert.
260 ## - PUBLICATION, DISTRIBUTION, ETC.
Place of publication, distribution, etc. New York :
Name of publisher, distributor, etc. McGraw-Hill,
Date of publication, distribution, etc. c1985.
300 ## - PHYSICAL DESCRIPTION
Extent xviii, 347 p. :
Other physical details ill. ;
Dimensions 24 cm.
500 ## - GENERAL NOTE
General note Includes index.
504 ## - BIBLIOGRAPHY, ETC. NOTE
Bibliography, etc. note Bibliography: p. 341-342.
650 #0 - SUBJECT ADDED ENTRY--TOPICAL TERM
Topical term or geographic name entry element Logic
General subdivision Data processing.
9 (RLIN) 7295
650 #0 - SUBJECT ADDED ENTRY--TOPICAL TERM
Topical term or geographic name entry element Algorithms.
9 (RLIN) 7296
650 #0 - SUBJECT ADDED ENTRY--TOPICAL TERM
Topical term or geographic name entry element Computer programming.
9 (RLIN) 7297
700 1# - ADDED ENTRY--PERSONAL NAME
Personal name Rapaport, William J.
9 (RLIN) 7298
700 1# - ADDED ENTRY--PERSONAL NAME
Personal name Dipert, Randall R.
9 (RLIN) 7299
906 ## - LOCAL DATA ELEMENT F, LDF (RLIN)
a 7
b cbc
c orignew
d 1
e ocip
f 19
g y-gencatlg
942 ## - ADDED ENTRY ELEMENTS (KOHA)
Source of classification or shelving scheme Dewey Decimal Classification
Koha item type Books like text book referance book
Suppress in OPAC No
Holdings
Withdrawn status Lost status Source of classification or shelving scheme Damaged status Not for loan Home library Current library Shelving location Date acquired Total Checkouts Full call number Barcode Date last seen Copy number Price effective from Koha item type
    Dewey Decimal Classification     Social Library Social Library General Stacks 09/24/2021   160.2854/SCH SHLIB 00001061 09/24/2021 1 09/24/2021 Books like text book referance book